000 00324 a2200157 4500
001 183041
020 _a
040 _cMagnum
100 _aLoiola, Alessandro Lemos Passos
240 1 0 _aVisão poesias
_lpor
245 1 0 _aVisão poesias
300 _a87
362 0 _a1991
697 _aLITERATURA GERAL
942 _cBK
999 _c183041
_d183041